| 000 | 01860nam a2200409 c 4500 | ||
|---|---|---|---|
| 003 | BLK | ||
| 005 | 20240329122009.0 | ||
| 008 | 180411b bul|||||r ||||||| ||bul|| | ||
| 010 | _aKNG00185256000 | ||
| 020 |
_a978-954-657-969-0 _bиздат.: ПАН |
||
| 040 | _aBLK | ||
| 041 |
_aBUL _cBUL |
||
| 072 | 7 |
_2bullib _aН85 _xДетска художествена литература Н |
|
| 080 |
_aЛитература на отделни езици и езикови семейства _b821 _x-93-91 _z821-93-91 |
||
| 700 |
_aМанолов, Теодор Любомиров _9322115 |
||
| 700 | 1 |
_aФичерова, Катя _eил. _9134301 |
|
| 700 | 1 |
_aБожичкова, Светослава Ангелова _eил. _940644 |
|
| 139 |
_aРибарят и Златната рибка и други приказки _bР 58 |
||
| 245 | 1 | 0 |
_aРибарят и Златната рибка и други приказки _cил. Теодор Манолов; ил. Катя Фичерова; ил. Светослава Ангелова Божичкова. |
| 257 | _aSB | ||
| 260 |
_аСофия _bПАН _c2010 _fСофия : Циан |
||
| 300 |
_a16 с. _bс цв. ил. _c24 см |
||
| 380 | _aDX | ||
| 490 | 1 | _aМога сам да чета | |
| 500 | _aКор. опис. - Без сведение за ориг. загл. - Съдържа и Тримата лeнивци ; Сложи-масичка. | ||
| 653 | _aприказки | ||
| 653 | _aлитература за деца | ||
| 653 | _aдетска литература | ||
| 653 | _aадаптирани книги | ||
| 659 | _aН | ||
| 852 | _aЦб 278414 | ||
| 856 | 4 |
_qpdf _u |
|
| 856 | 4 |
_qpdf _u |
|
| 942 |
_cKNG _n0 _012 |
||
| 944 |
_aCR _c04.12.2015 _lГалина Якимова _k30564 |
||
| 944 |
_aED _c08.02.2018 _lф / _kЛюдмила_Стоянова |
||
| 999 |
_c176630 _d176630 |
||